000 01152nam a2200337 c 4500
003 BLK
005 20250726101158.0
008 180408b bul|||||r ||||||| ||bul||
010 _aKNG00071479000
020 _a9789544748180
040 _aBLK
041 _aBUL
_cBUL
080 _aИздания за деца и юноши. Книжки-картинки. Читанки. Вж и 372.4
_b087.5
_z087.5
100 _aЛьорю, Кристин
_eпърви автор
_91299
139 _aЛьорю, Кристин
_bЛ 94
245 1 0 _aКаю. Сбогом на пелените 2+
_cКристин Льорю; консултант Франсин Надо, прев. Ирина Манушева
257 _aCAN
260 _bКибеа
_c2018
_9209528
_aСофия
300 _a24 с.
_bс цв. ил.
_c19Х19 см
380 _aDN
500 _aОриг. загл. Cailou tries New Foods
852 _aЦб 297202
_bЦб
856 4 _qpdf
856 4 _qpdf
942 _cKNG
_n0
_s1
_053
944 _k30552
_lВиолета Тройчева
999 _c346430
_d346430
999 _d346430
999 _d346430
999 _d346430
999 _d346429